| 000 | 00919nas a2200301 4500 | ||
|---|---|---|---|
| 001 | BR0900958 | ||
| 003 | BR-BrBNA | ||
| 005 | 20231205113149.0 | ||
| 007 | ta | ||
| 008 | 230509b bl.|||p| |||| 00| 00por d | ||
| 040 |
_aBR-BrBNA _bpor _cBiblioteca Nacional de Agricultura |
||
| 041 | _a(Pt) | ||
| 072 | _aP33; F06 | ||
| 100 | 1 | _aDias, N. da S. | |
| 100 | 1 | _aMedeiros, J.F. | |
| 100 | 1 | _aGheyit, H.R. | |
| 100 | 1 | _aSilva, F.V. da | |
| 100 | 1 | _aBarros, A.D. de | |
| 245 | 1 | _aEvolução da salinidade em um argissolo sob cultivo de melão irrigado por gotejament. | |
| 650 | _aMELÃO | ||
| 650 | _aCULTIVO | ||
| 650 | _aSAL | ||
| 650 | _aIRRIGAÇÃO | ||
| 650 | _aGOTEJAMENTO | ||
| 773 | 0 |
_tAgriambi - Revista Brasileira de Engenharia Agrícola e Ambiental (Brazil) _xISSN 1415-4366 _g(May-Dec 2004), v. 8(2/3) p. 240-246 _wBR0900958 |
|
| 909 |
_a202311 _bLúcia _c55 _dLúcia Elande |
||
| 942 |
_2AGRIS _n0 _cANA |
||
| 999 |
_c202213 _d202213 |
||